|
|
|
|
| LEADER |
01782nam a2200325 a 4500 |
| 001 |
GR-Patra36951 |
| 008 |
121017s2010 nyu g b 001 b eng d |
| 020 |
|
|
|a 9781430231264
|
| 082 |
|
0 |
|a 006.6930285536
|2 23
|
| 100 |
1 |
|
|a Flavell, Lance
|
| 245 |
1 |
0 |
|a Beginning Blender :
|b open source 3D modeling, animation, and game design /
|c Lance Flavell.
|
| 260 |
|
|
|a New York :
|b Apress :
|b Distributed to the book trade worldwide by Springer Science+Business Media,
|c c2010
|
| 300 |
|
|
|a xviii, 420 σ. :
|b εικ. (κυρίως έγχρ.) ;
|c 24 εκ.
|
| 490 |
1 |
|
|a The expert's voice in open source
|
| 500 |
|
|
|a "Learn everything you need to know to create your own 3D design and animation projects" --Cover.
|
| 500 |
|
|
|a Access restricted to BGSU students, faculty and staff.
|
| 504 |
|
|
|a Περιλαμβάνει βιβλιογραφικές παραπομπές (σ. 373-387) και ευρετήριο.
|
| 520 |
|
|
|a Provides information on creating 3D design and animation programs wtih Blender.
|
| 630 |
|
|
|a Blender (Computer file)
|
| 650 |
|
0 |
|a Computer animation
|
| 650 |
|
0 |
|a Computer graphics
|
| 650 |
|
0 |
|a Three-dimensional display systems
|
| 650 |
|
4 |
|a Γραφικά υπολογιστών
|
| 710 |
0 |
|
|a Apress
|
| 830 |
|
0 |
|1 00136952
|1 2001
|a Expert's voice in open source
|
| 942 |
|
|
|2 ddc
|
| 952 |
|
|
|0 0
|1 0
|2 ddc
|4 0
|6 006_693028553600000_FLA
|7 0
|9 317176
|a LISK
|b LISK
|c BSC
|d 2021-01-17
|e 24
|f 0
|g 0.00
|l 0
|o 006.6930285536 FLA
|p 92410060620
|r 2021-01-17 00:00:00
|t 1
|w 2021-01-17
|y BK15
|x 20150313 0 1
|x GrPaTEI
|
| 952 |
|
|
|0 0
|1 0
|2 ddc
|4 0
|6 006_693028553600000_FLA
|7 1
|9 317177
|a LISK
|b LISK
|c BSC
|d 2021-01-17
|e 24
|f 0
|g 0.00
|l 0
|o 006.6930285536 FLA
|p 92410059888
|r 2021-01-17 00:00:00
|t 1
|w 2021-01-17
|y BKN
|x 20140805 0 0
|x GrPaTEI
|
| 971 |
|
|
|a .b26845234
|b 15-04-20
|c 27-09-16
|
| 999 |
|
|
|c 180514
|d 180514
|